Pays Modernes de l'Empire Romain d'Occident sur une Carte - Statistiques

Statistiques générales
  • Ce quiz a été pris 53 fois
  • Le résultat moyen est 26 sur 27
Réponses sur la Carte
Les réponses sont colorées sur une échelle allant du rouge au vert en fonction du pourcentage des utilisateurs qui les ont devinées à leur premier essai. Vous pouvez retrouver ces pourcentages ci-dessous.
 
Statistiques - réponses
Pays % Correct
Algérie
100%
Espagne
100%
France
100%
Portugal
100%
Tunisie
100%
Andorre
98%
Autriche
98%
Belgique
98%
Croatie
98%
Italie
98%
Luxembourg
98%
Maroc
98%
Monaco
98%
Pays-Bas
98%
Suisse
98%
Vatican
98%
Allemagne
96%
Royaume-Uni
96%
Saint-Marin
96%
Serbie
96%
Slovénie
96%
Bosnie-Herzégovine
94%
Libye
94%
Malte
94%
Monténégro
94%
Liechtenstein
92%
Hongrie
90%
Aucun quiz correspondant
Distribution des résultats
% des personnes avec chaque résultat
Percentile par nombre de réponses
Votre historique - résultats
Vous n’avez pas pris ce quiz